Inventory of the 'lettere e scritture Turchesche' of the Venetian State Archives /

As well as the well-known inventory written by Maria Pia Pedani Fabris in 1994, I \'Documenti Turchi\' dell'Archivio di Stato di Venezia , this book is based on the work by Alessio Bombaci from the 1940s. Pedani's work is an academic inventory of the documents in the archives Let...

Full description

Saved in:

Other Authors: Pedani Fabris, Maria Pia., Bombaci, Alessio, 1914-

Format: eBook

Language: English
Italian

Published: Leiden ; Boston : Brill, 2010.

Series: Islamic Manuscripts and Books 1.
Middle East and Islamic Studies E-Books Online, Collection 2010, ISBN: 9789004223059.

Subjects:

Online Access: Login to view Source

Tags: Add Tag

No Tags, Be the first to tag this record!

Call Number: PL180 .I58 2010

LEADER 03285nam a2200553 i 4500
001 BRILL9789047441533
003 nllekb
005 20211118222434.0
006 m d
007 cr un uuuua
008 090713s2010 ne a sbc 001 0 eng c
020 |a 9789047441533  |q (electronic book) 
020 |z 9789004179189  |q (print) 
024 7 |a 10.1163/ej.9789004179189.i-232  |2 DOI 
035 |a (OCoLC)535170130 
040 |a NL-LeKB  |c NL-LeKB  |e rda 
041 0 |a eng  |a ita 
043 |a a-tu---  |a e-it--- 
050 4 |a PL180  |b .I58 2010 
082 0 4 |a 016.9 
245 0 0 |a Inventory of the 'lettere e scritture Turchesche' of the Venetian State Archives /  |c edited by Maria Pia Pedani ; based on the materials compiled by Alessio Bombaci. 
264 1 |a Leiden ;  |a Boston :  |b Brill,  |c 2010. 
300 |a 1 online resource. 
336 |a text  |b txt  |2 rdacontent 
337 |a computer  |b c  |2 rdamedia 
338 |a online resource  |2 rdacarrier 
490 1 |a Islamic manuscripts and books,  |x 1877-9964 ;  |v v. 1 
490 0 |a Brill ebook titles 
504 |a Includes bibliographical references (p. [202]-208) and indexes. 
505 0 0 |t Preliminary Material /  |r M.P. Pedani --   |t Introduction /  |r M.P. Pedani --   |t Summaries /  |r M.P. Pedani --   |t Glossary /  |r M.P. Pedani --   |t Bibliography /  |r M.P. Pedani --   |t Index Of Names /  |r M.P. Pedani --   |t Index Of Places /  |r M.P. Pedani. 
506 |a Available to subscribing member institutions only. 
520 |a As well as the well-known inventory written by Maria Pia Pedani Fabris in 1994, I \'Documenti Turchi\' dell'Archivio di Stato di Venezia , this book is based on the work by Alessio Bombaci from the 1940s. Pedani's work is an academic inventory of the documents in the archives Lettere e Scritture Turchesche kept in the Venetian State Archives. It describes in detail 822 documents from the first half of the 16th century until the first half of the 17th century. Part of the documents are Ottoman originals, part are Italian translations. They deal above all with commercial affairs. There are name-i hümayun s, but also letters of beylerbeyi s and sancakbeyi s of the Balkan regions and of other lower Ottoman officials. 
610 2 0 |a Archivio di Stato di Venezia  |v Catalogs. 
650 0 |a Turkish letters  |y 16th century. 
650 0 |a Turkish letters  |y 17th century. 
650 0 |a Letter writing, Turkish  |y 16th century. 
650 0 |a Letter writing, Turkish  |y 17th century. 
651 0 |a Turkey  |x Foreign relations  |z Italy  |z Venice  |v Sources  |v Catalogs. 
651 0 |a Venice (Italy)  |x Foreign relations  |z Turkey  |v Sources  |v Catalogs. 
651 0 |a Turkey  |x History  |y Ottoman Empire, 1288-1918  |v Sources  |v Catalogs. 
700 1 |a Pedani Fabris, Maria Pia. 
700 1 |a Bombaci, Alessio,  |d 1914- 
776 0 8 |i Print version:  |t Inventory of the Lettere e Scritture Turchesche in the Venetian State Archives  |d Leiden, Boston : BRILL, 2010,  |z 9789004179189 
830 0 |a Islamic Manuscripts and Books  |v 1. 
830 0 |a Middle East and Islamic Studies E-Books Online, Collection 2010, ISBN: 9789004223059. 
856 4 |z DOI:   |u http://dx.doi.org/10.1163/ej.9789004179189.i-232 
942 |2 lcc  |c EBOOK 
952 |0 0  |1 0  |2 lcc  |4 0  |7 1  |9 23136  |a BRILL  |b BRILL  |d 2021-11-18  |l 0  |r 2021-11-18 00:00:00  |w 2021-11-18  |y EBOOK 
999 |c 40610  |d 40610